|
|
|
|
| LEADER |
01054nam a2200265 a 4500 |
| 001 |
4834776 |
| 008 |
090514s1991 nyua b 001 0 eng d |
| 010 |
|
|
|a \\\90032552
|
| 020 |
|
|
|a 0070659338 :
|c $47.95
|
| 040 |
|
|
|a DLC
|c DLC
|d DLC
|
| 082 |
0 |
0 |
|a 624.1/71
|2 20
|
| 100 |
1 |
|
|a Utku, Senol.
|
| 245 |
1 |
0 |
|a Elementary structural analysis /
|c Senol Utku, Charles Head Norris, John Benson Wilbur.
|
| 250 |
|
|
|a 4th ed.
|
| 260 |
|
|
|a New York :
|b McGraw-Hill,
|c c1991.
|
| 300 |
|
|
|a xx, 829 p. :
|b ill. ;
|c 25 cm.
|
| 500 |
|
|
|a Norris's name appears first on the earlier ed.
|
| 504 |
|
|
|a Includes bibliographical references and indexes.
|
| 541 |
1 |
|
|e 00012896
|
| 650 |
|
0 |
|a Structural analysis (Engineering)
|
| 700 |
1 |
|
|a Norris, Charles Head,
|d b. 1910.
|
| 700 |
1 |
|
|a Wilbur, John Benson,
|d 1905-
|
| 852 |
4 |
|
|a Ayesha Abed Library
|j Generalshelf
|
| 999 |
|
|
|c 698
|d 698
|
| 952 |
|
|
|0 0
|1 0
|2 ddc
|4 0
|6 624_171000000000000_UTK
|7 0
|8 NFIC
|9 644
|a BRACUL
|b BRACUL
|c GEN
|d 2009-05-14
|g 0.00
|l 0
|o 624.171 UTK
|p 3010012896
|r 2009-05-14
|t 1
|w 2009-05-14
|y BK
|x No price found in the accession register.
|